Odpad podľa prieskumu triedi 97 percent Slovákov

Štyri pätiny triedia odpad vždy a 17 percent iba niekedy. Odpad triedia najmä vysokoškolsky vzdelaní ľudia a ľudia žijúci v rodinných domoch. Vyplýva to z prieskumu organizácie zodpovednosti výrobcov Envi-Pak.

Enregistré dans:
Détails bibliographiques
Format: Chapitre de livre
Langue:slovaque
Sujets:
Tags: Ajouter un tag
Pas de tags, Soyez le premier à ajouter un tag!

MARC

LEADER 00000naa a2200000 4500
001 0304906
005 20241104113223.4
041 0 |a slo 
044 |a SK 
245 1 0 |a Odpad podľa prieskumu triedi 97 percent Slovákov 
520 |a Štyri pätiny triedia odpad vždy a 17 percent iba niekedy. Odpad triedia najmä vysokoškolsky vzdelaní ľudia a ľudia žijúci v rodinných domoch. Vyplýva to z prieskumu organizácie zodpovednosti výrobcov Envi-Pak. 
610 2 0 |a spracovanie odpadu 
610 2 0 |a recyklácia odpadu 
610 2 0 |a hospodárstvo obehové 
610 2 0 |a zodpovednosť spoločenská 
610 2 0 |a prieskum